zpět

Detail výsledku týmu

U Pošty - Vinohrady ČT, Praha

Datum a čas kvízu

25.5 Celkem bodů Celkový počet nahraných bodů na tomto kvízu bez doplňovacích otázek.
9. Pořadí na kvízu Konečné umístění týmu na tomto kvízu.

Zaznamenané odpovědi

# Otázka Odpověď Body Výsledky
1. Státní pomoc s vysokými účty z... 20 000 Kč 0
2. Dva aktivisté z hnutí Just Sto... Přilepili se k obrazu. 0
3. Více než dvacet tisíc fanoušků... Vizovice, Masters of Rock 1
4. Sandra Flemrová – holčička z l... vratných lahví 0
5. Basketbalista Tomáš Satoranský... v Barceloně 1
6. Jak se jmenuje první žena v na... Ingrid Bergmanová, Casablanca 1
7. Vivien Leighová byla anglická... Jih proti severu (Gone with the Wind), Scarlett O' Hara 1
8. Poznáte film Petra Kolihy, z n... Výchova dívek v Čechách, Michal Viewegh 1
9. Markéta Hrubešová se v 90. let... Žiletky 0
10. Přiřaďte následující superhrdi... 1C 2D 3B 4A 1